| 000 -LEADER |
| fixed length control field |
00715cam a22002414a 4500 |
| 001 - CONTROL NUMBER |
| control field |
9527 |
| 003 - CONTROL NUMBER IDENTIFIER |
| control field |
BD-DhUAP |
| 005 - DATE AND TIME OF LATEST TRANSACTION |
| control field |
20200212144331.0 |
| 008 - FIXED-LENGTH DATA ELEMENTS--GENERAL INFORMATION |
| fixed length control field |
100129s2009 bg l 001 0 eng |
| 040 ## - CATALOGING SOURCE |
| Original cataloging agency |
BD-DhUAP |
| Transcribing agency |
BD-DhUAP |
| Language of cataloging |
Eng |
| 042 ## - AUTHENTICATION CODE |
| Authentication code |
lcode |
| 043 ## - GEOGRAPHIC AREA CODE |
| Geographic area code |
a-bg--- |
| 082 ## - DEWEY DECIMAL CLASSIFICATION NUMBER |
| Edition number |
23 |
| Classification number |
347.052 KHA |
| 100 ## - MAIN ENTRY--PERSONAL NAME |
| Personal name |
Khan, Raja Said Akbar. |
| 245 10 - TITLE STATEMENT |
| Title |
The Limitation Act : |
| Remainder of title |
(IX of 1908) with commentary / |
| Statement of responsibility, etc. |
Raja Said Akbar Khan. |
| 260 ## - PUBLICATION, DISTRIBUTION, ETC. |
| Place of publication, distribution, etc. |
Lahore : |
| Name of publisher, distributor, etc. |
P. L. D. publishers, |
| Date of publication, distribution, etc. |
[...?]. |
| 300 ## - PHYSICAL DESCRIPTION |
| Extent |
99 pages ; |
| Dimensions |
24 cm. |
| 500 ## - GENERAL NOTE |
| General note |
Includes index. |
| 520 ## - SUMMARY, ETC. |
| Summary, etc. |
With latest amendments and up-to-date case laws. |
| 650 #0 - SUBJECT ADDED ENTRY--TOPICAL TERM |
| Topical term or geographic name entry element |
Limitation of actions |
| Geographic subdivision |
Pakistan. |
| 942 ## - ADDED ENTRY ELEMENTS (KOHA) |
| Source of classification or shelving scheme |
|
| Koha item type |
Book |